Le petit jardinier en Afrique

Sparad:
Bibliografiska uppgifter
Huvudupphovsman: M H Delarbre
Materialtyp: Bok
Språk:Undetermined
Publicerad: Paris Agridoc International 1988
Ämnen:
Taggar: Lägg till en tagg
Inga taggar, Lägg till första taggen!
Thư viện lưu trữ: Trung tâm Học liệu Trường Đại học Cần Thơ
LEADER 00468nam a2200181Ia 4500
001 CTU_13325
008 210402s9999 xx 000 0 und d
082 |a 635 
082 |b D339 
100 |a M H Delarbre 
245 0 |a Le petit jardinier en Afrique 
245 0 |c M H Delarbre 
260 |a Paris 
260 |b Agridoc International 
260 |c 1988 
650 |a horticulture 
904 |i Minh, 961126 
980 |a Trung tâm Học liệu Trường Đại học Cần Thơ